00699nam a2200205 a 450000100100000000500170001000800410002702000150006804000250008308200190010810000360012724500430016326000580020630000220026465000280028665000300031404900090034495201230035399900170047600002508920200930023546.0110209s1990 xxc r 000 p spa d a2894180330 aDO-SdBNPbspacBNPHU a841.912bL399p1 aLavergne, Alfredod1951-95148110aPalos con palitos /cAlfredo Lavergne. a[Montréal, Canada] :bÉditions d'Orphée,c1990. a[91] p. ;c18 cm. 4aPoesía francesa94916 4aLiteratura francesa91074 aBNGR 001054708MOaGRbGRcCTd2011-02-09iLF1l0o841.912 L399pp25089-10r2020-06-25w2020-06-25y4ZPréstamo en sala c24582d24582